Central Library OPAC University of Rajshahi

Financing the natural gas industry : (Record no. 3111)

MARC details
000 -LEADER
fixed length control field 01060cam a22002771 4500
001 - CONTROL NUMBER
control field 3111
003 - CONTROL NUMBER IDENTIFIER
rucl marc code BD-RjUL
005 - DATE AND TIME OF LATEST TRANSACTION
control field 20211208233658.0
008 - FIXED-LENGTH DATA ELEMENTS--GENERAL INFORMATION
fixed length control field 131218t19611958nyuab b 001 0 eng
035 ## - SYSTEM CONTROL NUMBER
System control number (BD-RjUL)3145
040 ## - CATALOGING SOURCE
Original cataloging agency DLC
Transcribing agency DLC
Modifying agency BD-RjUL
Language of cataloging eng
041 ## - LANGUAGE CODE
Language code of text/sound track or separate title eng
082 00 - DEWEY DECIMAL CLASSIFICATION NUMBER
Classification number 338.476657
Author mark and year HOF 1961
100 1# - MAIN ENTRY--PERSONAL NAME
Personal name Hooley, Richard W.
Dates associated with a name 1925-
9 (RLIN) 9853
245 10 - TITLE STATEMENT
Title Financing the natural gas industry :
Remainder of title the role of life insurance investment policies /
Statement of responsibility, etc. Richard W. Hooley
260 ## - PUBLICATION, DISTRIBUTION, ETC. (IMPRINT)
Place of publication, distribution, etc. New York :
Name of publisher, distributor, etc. Columbia University Press,
Date of publication, distribution, etc. c1958.
300 ## - PHYSICAL DESCRIPTION
Pagination x, 218 p. :
Illustrations ill.,map, diagrs., tables ;
Size 23 cm.
500 ## - GENERAL NOTE
General note "Much of the basic material was originally presented as a doctoral dissertation at Columbia University in 1958."
504 ## - BIBLIOGRAPHY, ETC. NOTE
Bibliography, etc Includes bibliography and index.
650 #0 - SUBJECT ADDED ENTRY--TOPICAL TERM
Topical term or geographic name as entry element Natural gas
Geographic subdivision United States.
9 (RLIN) 9855
Topical term or geographic name as entry element Insurance companies
Geographic subdivision United States
General subdivision Investments.
9 (RLIN) 9856
942 ## - ADDED ENTRY ELEMENTS (KOHA)
Source of classification or shelving scheme Dewey Decimal Classification
Koha item type Books
Holdings
Lost status Source of classification or shelving scheme Damaged status Not for loan Collection code Permanent Location Current Location Shelving location Date acquired Source of acquisition Cost, normal purchase price Total Checkouts Full call number Date last seen Copy number Koha item type
  Dewey Decimal Classification     Non-fiction Central Library, University of Rajshahi Central Library, University of Rajshahi   21/04/2064 Zeithlinger. 52.00   338.476657 HOF 1961 18/12/2013 C-4 Books
  Dewey Decimal Classification     Non-fiction Central Library, University of Rajshahi Central Library, University of Rajshahi   07/07/2064 Zeithlinger. 48.00   338.476657 HOF 1961 18/12/2013 C-6 Books
  Dewey Decimal Classification     Non-fiction Central Library, University of Rajshahi Central Library, University of Rajshahi   21/04/2064 Zeithlinger. 52.00   338.476657 HOF 1961 18/12/2013 C-3 Books
  Dewey Decimal Classification   Not For Loan Non-fiction Central Library, University of Rajshahi Central Library, University of Rajshahi Reading Room 21/04/2064 Zeithlinger. 52.00   338.476657 HOF 1961 18/12/2013 C-1 Books
  Dewey Decimal Classification     Non-fiction Central Library, University of Rajshahi Central Library, University of Rajshahi   07/07/1964 Zeitlinger     338.476657 HOF 1961 19/12/2013 C-5 Books
  Dewey Decimal Classification     Non-fiction Central Library, University of Rajshahi Central Library, University of Rajshahi   21/04/1964 Zeitlinger 52.00   338.476657 HOF 1961 30/07/2015 C-2 Books